000 00409nam a2200157Ia 4500
008 210716s1997 xx 000 0 und d
020 _a1557868522
041 _aeng
082 _a382 PUNB
100 _aPunnett, Betty Jane; Ricks, David A.
245 _aInternational business.
250 _a2
260 _aCambridge
_bBlackwell Publishing
_c1997
300 _axv,540
650 _aInternational Business
999 _c198746
_d198746